Stolice o tej samej nazwie co ich państwo - Statystyki

Ogólne statystyki
  • Ten quiz został rozwiązany 37 razy
  • Średni wynik to 8 z 11
Statystyki odpowiedzi
Państwo % Poprawnych
Andora
94%
Luksemburg
91%
Monako
91%
San Marino
89%
Watykan
86%
Meksyk
77%
Gwatemala
54%
Singapur
54%
Kuwejt
51%
Dżibuti
49%
Panama
49%
Nie znaleziono quizów pasujących do podanych kryteriów
Rozkład punktacji
Procent ludzi z każdym wynikiem
Percentyl według liczby udzielonych odpowiedzi
Twoja historia wyników
Nie rozwiązałeś tego quizu